000 00559nam a2200193 i 4500
001 129194
003 ES-MaACL
005 20250904062245.0
007 t|
008 070608s1972 xxu ||||1| spa d
080 _a860(729.3)-14"19"
100 1 _aTerc, Nemén Michel.
_9109731
245 1 0 _aContra el tiempo /
_cNemén Michel Terc ; prólogo de Angel Castro.
260 _aMiami (Florida) :
_bUniversal,
_c[1972]
300 _a78 p. ;
_c20 cm.
700 1 _aCastro, Ángel
_936886
852 _aES-MaACL
_jC-49593
_bR.83066
999 _c129194
_d129194